02390cam a2200565 i 45000010009000000050017000090080041000260100017000670150019000840160018001030200029001210200026001500200029001760200026002050200035002310350024002660370092002900400188003820420014005700430012005840500027005960820020006230840056006431000032006992450118007312640045008492640011008943000050009053360026009553370028009813380027010095050181010366100022012176100022012396100048012616100029013096500011013386500041013496500028013906500037014186500041014556500067014966500029015636500042015926500016016346500035016506500048016856510043017337000048017762093796920230209132042.0190418t20162016nyuab b 001 0 eng d a 2018275462 aGBB5I47092bnb7 a0176767792Uk a9781510711846qhardcover a1510711848qhardcover a9781510729735qpaperback a1510729739qpaperback z9781510711853qelectronic book a(OCoLC)ocn931642026 bPerseus Distribution Services, 1094 Flex Dr, Jackson, TN, USA, 38301-5070nSAN 631-760X aBTCTAbengcBTCTAerdadYDXCPdBDXdOCLCQdZQPdCGPdLEBdJAOdIFAdJIDdOCLCFdGZTdNLGGCdCDXdIBIdVP@dGZMdILCdBURdQBXdS3OdSFRdBYVdCHILDdUAPdOCLCQdOCLCOdYDXdUKMGBdDLC alccopycat aaw-----00aHV6433.I722bN358 201604a363.325,NAN223 aPOL037000aSOC048000aPOL012000aHIS0270602bisacsh1 aNance, Malcolm W.,eauthor.10aDefeating ISIS :bwho they are, how they fight, what they believe /cMalcolm Nance ; [foreword by Richard Engel]. 1aNew York :bSkyhorse Publishing,c[2016] 4c©2016 axx, 505 pages :billustrations, maps ;c24 cm atextbtxt2rdacontent aunmediatedbn2rdamedia avolumebnc2rdacarrier0 aPart 1: Who they are. The old history of the new caliphate (Page-1), Part 2: Where they are (Page-69), Part 3: What they believe (Page-183), Part 4: How they fight (Page-299).20aIS (Organization)24aIS (Organization)27aIS (Organization)2fast0(OCoLC)fst0191432527aIS (Organization)2sears 0aJihad. 0aTerrorismxReligious aspectsxIslam. 0aTerrorismzMiddle East. 7aJihad.2fast0(OCoLC)fst00983599 7aTerrorism.2fast0(OCoLC)fst01148101 7aTerrorismxReligious aspectsxIslam.2fast0(OCoLC)fst01148138 7aJihad (heligt krig)2sao 7aTerrorismxreligiösa aspekter.2sao 7aIslam.2sao 7aTerrorismzMiddle East.2sears 7aTerrorismxReligious aspectsxIslam.2sears 7aMiddle East.2fast0(OCoLC)fst012415861 aEngel, Richard,d1973-ewriter of foreword.